Hypixel Skyblock all pets - Statistics

General Stats
  • This quiz has been taken 363 times
  • The average score is 31 of 48
Answer Stats
Hint Answer % Correct
Most expensive pet . . . Ender Dragon
88%
Insane Ferocity . . . Tiger
86%
Diana . . . Griffin
85%
Technobladee . . . Pig
85%
Extra mining exp . . . Silverfish
84%
Dupe jerry . . . Jerry
83%
Buffs combat exp . . . Wolf
83%
Goes well with frozen blaze armor . . . Blaze
82%
Also obtained from the zoo, pretty solid for damage . . . Lion
82%
Didn't know this existed, craftable in rotten flesh collection . . . Zombie
80%
Magic Find pet . . . Black Cat
78%
Drop from crypt ghouls . . . Ghoul
78%
Reduces treecap and jungle axe cooldowns . . . Monkey
78%
People thought it was gonna be great for archer in dungeons . . . Skeleton
77%
Hands down best mage pet in dungeons . . . Sheep
76%
Bea . . . Bee
71%
Endstone protector . . . Golem
71%
Extra farming exp . . . Rabbit
70%
Best for potato farming . . . Elephant
69%
Good at legendary rarity only . . . Enderman
68%
Faster foraging minions and more foraging exp . . . Ocelot
67%
Useless, obtained from zoo . . . Giraffe
66%
The OG dwarf turtle shelmet . . . Turtle
66%
Rarest drop in the game . . . Phoenix
64%
Dungeon specific pet that drops from floor 4 . . . Spirit
64%
Drops from Arachne . . . Tarantula
64%
Sea emp . . . Flying Fish
63%
Newest Mining pet . . . Mithril Golem
62%
zoo . . . Blue Whale
61%
Ember rod . . . Magma Cube
61%
Buffs potion duration . . . Parrot
59%
Fishing . . . Dolphin
57%
If you're good at spooky festival you get this as reward . . . Skeleton Horse
56%
Buffs 2 minions . . . Spider
56%
Used to be one of the best pets for damage . . . Wither Skeleton
56%
Ice fishing . . . Baby Yeti
55%
Forgot this existed, okay for healer in dungeons . . . Jellyfish
55%
"who would kill 1.2 million pigs?" . . . Pigman
54%
LOTS of mining . . . Rock
54%
Fishing . . . Squid
54%
Spooky festival . . . Bat
53%
drop from hub wolves . . . Hound
51%
Most obscure pet ever, obtained from christmas . . . Snowman
51%
People used to use it for antikb during christmas event . . . Horse
47%
The mob version is annoying in dragon nest . . . Endermite
46%
Fishing . . . Guardian
34%
Tastes like ..... . . . Chicken
29%
Most recent fishing pet . . . Megalodon
29%
No matching quizzes found
Score Distribution
Percent of People with Each Score
Percentile by Number Answered
Your Score History
You have not taken this quiz